Birds by night
Αποθηκεύτηκε σε:
| Κύριος συγγραφέας: | |
|---|---|
| Μορφή: | Βιβλίο |
| Γλώσσα: | English |
| Δημοσίευση: |
London :
T & A D Poyser,
c1990
|
| Θέματα: | |
| Ετικέτες: |
Προσθήκη ετικέτας
Δεν υπάρχουν, Καταχωρήστε ετικέτα πρώτοι!
|
MARC
| LEADER | 00000nam a2200000 i 4500 | ||
|---|---|---|---|
| 001 | 1/101143 | ||
| 008 | 000208s1990 eng d | ||
| 020 | |a 0856610593 | ||
| 035 | |l 10057562 | ||
| 040 | |a GR-MY-UA |b gre |e aacr | ||
| 041 | 0 | |a eng | |
| 082 | 0 | |a 598.15 | |
| 100 | 1 | |a Martin, Graham |d 1948- | |
| 245 | 1 | 0 | |a Birds by night / |c by Graham Martin; illustrated by John Busby |
| 260 | |a London : |b T & A D Poyser, |c c1990 | ||
| 300 | |a 227 p. |b ill. | ||
| 504 | |a Includes bibliographical references and index | ||
| 650 | 0 | 0 | |a Birds |x Behavior. |
| 650 | 0 | 0 | |a Nocturnal animals. |
| 852 | |a INST |b LESVOS |e 20000208 |h 598.15 MAR |p 005100021673 |q 005100021673 |t BK |y 0 | ||
| 901 | |a BIBL1-2000-1 | ||
| 909 | |a Λ |b 073455 | ||
| 922 | |a 1ΕΛΗ |b 199912 |c ΚΠΣ/ΤΠ |d GLORY | ||
| 950 | |a 107-1999-12-21 | ||
| 970 | |a ΤΖΑΦΕΡΗ |b ΕΥΑΓΓΕΛΙΑ |z 2000/02/09 | ||